Statistics for Scottish Football Champions

Click here to take the quiz!

General Stats

  • This quiz has been taken 171 times
  • The average score is 9 of 11

Answer Stats

TitlesClub% Correct
46Celtic
100%
54Rangers
99%
4Aberdeen
98%
4Heart of Midlothian
94%
1Dundee
89%
4Hibernian
86%
1Dundee United
84%
1Kilmarnock
81%
1Motherwell
73%
2Dumbarton
34%
1Third Lanark
32%

Score Distribution

Percentile by Number Answered

Percent of People with Each Score

Your Score History

You have not taken this quiz